000 00739nam a2200217 a 4500
005 20230807165743.0
008 040319s2001 es r 000 0 spa d
020 _a8480635045
035 _aUPN01000132738
049 _aCG
050 4 _aLB2822.84 C3
_bA6.7
245 0 0 _aAprender a cambiar :
_bla enseñanza más allá de las materias y los niveles /
_cAndy Hargreaves ... [et al.].
260 _aBarcelona, Esp. :
_bOctaedro,
_c2001.
300 _a219 p.
440 0 _aRepensar la educación ;
_v13
534 _pTraducción de:
_tLearning to change
650 4 _aPROGRAMAS DE MEJORAMIENTO ESCOLAR -
_zCANADA
650 4 _aCambios curriculares
_zCanadá
_94898
700 1 _aHargreaves, Andy,
_d1951-
_ecoaut.
_928385
905 _aLibro
999 _c104892
_d104892